<?xml version="1.0" encoding="UTF-8"?>
<marc:record xmlns:marc="http://www.loc.gov/MARC21/slim">
   <marc:leader>00000nam a2200000 a 4500</marc:leader>
   <marc:datafield ind1="1" ind2=" " tag="100">
      <marc:subfield code="a">Schädler, Eliane</marc:subfield>
      <marc:subfield code="4">aut</marc:subfield>
      <marc:subfield code="e">Verfasser/-in</marc:subfield>
   </marc:datafield>
   <marc:datafield ind1="0" ind2="0" tag="245">
      <marc:subfield code="a">Kasimir hat einen Vogel</marc:subfield>
   </marc:datafield>
   <marc:datafield ind1="0" ind2="0" tag="245">
      <marc:subfield code="c">Eliane Schädler</marc:subfield>
   </marc:datafield>
   <marc:datafield ind1=" " ind2="1" tag="264">
      <marc:subfield code="a">Nürnberg</marc:subfield>
      <marc:subfield code="b">klein &amp; groß Verlag</marc:subfield>
      <marc:subfield code="c">2023</marc:subfield>
   </marc:datafield>
   <marc:datafield ind1="1" ind2=" " tag="520">
      <marc:subfield code="a">Der Hase Kasimir ist ein wahrer Meister im Sammeln von leckeren Vorräten. In seinem Zuhause unter der alten Eiche stapeln sich vor dem Wintereinbruch Feldfrüchte, Obst, Pilze und Nüsse. Davon gibt er ungern anderen Tieren ab. Sollen sie sich doch selber vorsorgen! Doch dann kommt Kasimir unfreiwillig zu einem kleinen Mitbewohner und lernt zu seiner eigenen Überraschung die Vorzüge des geselligen Lebens und Füreinander-Sorgens kennen. Miteinander, erkennt er, ist das Leben so viel schöner</marc:subfield>
   </marc:datafield>
   <marc:datafield ind1=" " ind2=" " tag="020">
      <marc:subfield code="a">9783480238460</marc:subfield>
      <marc:subfield code="9">9783480238460</marc:subfield>
   </marc:datafield>
   <marc:datafield ind1=" " ind2=" " tag="300">
      <marc:subfield code="a">24 ungezählte Seiten, Illustrationen</marc:subfield>
   </marc:datafield>
</marc:record>
